| 000 | 00931nam a2200253 a 4500 | ||
|---|---|---|---|
| 001 | 000022841 | ||
| 005 | 20240724123526.0 | ||
| 008 | 101119s1968 mx a r 001 0 spa d | ||
| 040 |
_aDO-SdBNP _bspa _cBNPHU |
||
| 082 |
_aNNNN _bM821i |
||
| 100 | 1 |
_aMoore, Basil J. _946943 |
|
| 240 | 1 | 3 |
_aAn Introduction to the Theory of Finance. _lEspañol. |
| 245 | 1 | 0 |
_aIntroducción a la teoría financiera / _cBasil J. Morre ; traducción, Roberto Bopp. |
| 260 |
_aMéxico : _bCentro Regional de Ayuda Técnica, _c1968. |
||
| 300 |
_a[8], 293 p. : _bil. ; _c23 cm. |
||
| 490 | 1 | _aAlianza para el progreso | |
| 504 | _aIncluye referencias bibliográficas y notas al pie de las páginas. | ||
| 534 |
_pTítulo en Ingles: _tAn Introduction to the Theory of Finance. |
||
| 650 | 0 |
_aFinanzas _9641 |
|
| 700 | 1 |
_aBopp, Roberto, _etr. _946944 |
|
| 710 | 1 |
_aAmorrortu, _eed. _946945 |
|
| 830 | 0 |
_aAlianza para el progreso _941672 |
|
| 049 | _aBNGR | ||
| 999 |
_c22338 _d22338 |
||